00405nam a22001337a 450000500170000002000220001703500320003903700130007110000160008424500900010026000400019030000220023070000190025220180807141254.0 a8174451943c00.00 aB-92592, B-092591, B-092594 aDPLbENG aJoshi, G.V. aRural-urban migration and rural employment in India /cby G.V. Joshi and Norbert Lobo aNew DelhibMohit Publicationsc2003 av, 180p.c20 cms. aLobo, Norbert